Tennis: Classement ATP 2024 - Statistiques

Statistiques générales
  • Ce quiz a été pris 2 591 fois
  • Le résultat moyen est 20 sur 30
Statistiques - réponses
Classement Réponse % Correct
Espagnol Alcaraz 2
99%
Serbe Djokovic 1
99%
Russe Medvedev 4
97%
Italien Sinner 3
97%
Allemand Zverev 5
96%
Danois Rune 7
93%
Norvégien Ruud 8
93%
Grec Tsitsipas 11
93%
Russe Rublev 6
87%
Bulgare Dimitrov 12
85%
Australien De Minaur 10
81%
Français Humbert 15
81%
Américain Fritz 13
79%
Américain Tiafoe 22
72%
Américain Shelton 17
71%
Polonais Hurkacz 9
70%
Kazakhstan Bublik 18
67%
Américain Paul 14
61%
Français Mannarino 20
57%
Argentin Cerundolo 21
53%
Italien Musetti 24
52%
Chilien Jarry 23
47%
Russe Khachanov 16
47%
Argentin Baez 19
43%
Néerlandais Griekspoor 26
40%
Tchèque Lehecka 27
40%
Allemand Struff 25
31%
Espagnol Davidovich Fokina 28
29%
Argentin Etcheverry 30
28%
Américain Korda 29
25%
Aucun quiz correspondant
Distribution des résultats
% des personnes avec chaque résultat
Percentile par nombre de réponses
Votre historique - résultats
Vous n’avez pas pris ce quiz